5 අනුමාන ඉලක්ක ප්‍රශ්න්න පත්‍ර හා පසුගිය විභාග ප්‍රශ්න පත්‍ර ඇතුලත් 2007-2008 වර්ෂ සඳහා නව විෂය නිර්දේශයට අනුකූලව පළමුවන හා දෙවන ප්‍රශ්න පත්‍ර සඳහා ප්‍රශ්නන හා පිළිතුරු/

Saved in:
Bibliographic Details
Format: Book
Language:English
Published: දෙහිවල : කේ.එච්.කුලරත්න. 2007.
Tags: Add Tag
No Tags, Be the first to tag this record!

MARC

LEADER 00000nam a22000007a 4500
003 LK-HrPL
005 20220812144226.0
008 220812b |||||||| |||| 00| 0 eng d
020 |a 9559763245 
040 |a LK-HrPL  |b sin  |d LK-HrPL 
082 |a 510  |b කුලර 
245 |a 5 අනුමාන ඉලක්ක ප්‍රශ්න්න පත්‍ර හා පසුගිය විභාග ප්‍රශ්න පත්‍ර ඇතුලත් 2007-2008 වර්ෂ සඳහා නව විෂය නිර්දේශයට අනුකූලව පළමුවන හා දෙවන ප්‍රශ්න පත්‍ර සඳහා ප්‍රශ්නන හා පිළිතුරු/  |c කේ.එච්.කුලරත්න,අමරා කුලරත්න. 
260 |a දෙහිවල :  |b කේ.එච්.කුලරත්න.  |c 2007. 
300 |a පි. 156 :  |c සෙ.මී.21. 
942 |c CHBK 
999 |c 24372  |d 24372